000
00372nam a22001337a 4500
020
_a
9787119116099
082
_a
951
100
_a
Brown, William N
245
_a
Off the wall : how we fell for China
_c
Brown William N
260
_a
Beijing
_b
Foreign Language Press
_c
2018
300
_a
216p
942
_2
ddc
_c
BK
999
_c
586535
_d
586535